Wortgemisch-Städte in Baden-Württemberg - Statistiken

Allgemein
  • Dieses Quiz wurde 465 mal gespielt
  • Das Durchschnittsergebnis liegt bei 7 aus 10
Antwortstatistiken
Stadt % Korrekt
Ulm
99%
Stuttgart
95%
Göppingen
88%
Mannheim
87%
Freiburg
85%
Pforzheim
85%
Konstanz
78%
Villingen-Schwenningen
77%
Tübingen
76%
Schwäbisch Hall
75%
Aalen
74%
Baden-Baden
72%
Schwäbisch Gmünd
72%
Heidelberg
71%
Karlsruhe
69%
Ludwigsburg
63%
Heilbronn
59%
Offenburg
58%
Reutlingen
48%
Friedrichshafen
45%
Sindelfingen
45%
Fellbach
43%
Lahr/Schwarzwald
43%
Leonberg
37%
Esslingen am Neckar
2%
Keine übereinstimmenden Quizze gefunden
Verteilung der Resultate
Anzahl Personen mit jedem Resultat
Perzentil nach korrekt beantworteten Fragen
Ihre Resultats-Entwicklung
Sie haben dieses Quiz noch nicht gespielt